000 00562nam a2200193 i 4500
001 86919
003 ES-MaACL
005 20230906175542.0
007 t|
008 041216s1977 sp ||||1| spa d
100 1 _aKolosimo, Peter.
_968530
245 1 0 _aPolvo del infierno /
_cPeter Kolosimo ; [traducción de Juan Moreno].
250 _a[1ª ed.].
260 _a[Esplugas de Llobregat] :
_bPlaza & Janés,
_c[1977]
300 _a248 p. :
_bil. ;
_c18 cm.
700 1 _aMoreno, Juan.
_9182367
852 _aES-MaACL
_jA-7011
_bR.95566
999 _c86919
_d86919